[Event "SVK-ch U16 Girls"]
[Site "Liptovsky Mikulas"]
[Date "2007.04.26"]
[Round "8"]
[White "Krnacova, Erika"]
[Black "Kovalova, Patricia"]
[Result "1-0"]
[WhiteElo "1523"]
[BlackElo "1350"]
[PlyCount "129"]
[EventDate "2007.04.22"]
[EventType "tourn"]
[EventRounds "9"]
[EventCountry "SVK"]
[SourceTitle "EXT 2008"]
[Source "ChessBase"]
[SourceDate "2007.11.25"]
[SourceVersion "1"]
[SourceVersionDate "2007.11.25"]
[SourceQuality "1"]

1. e4 e5 2. f4 exf4 3. Nf3 Nf6 4. d3 Nc6 5. Bxf4 Bc5 6. c3 d6 7. Nbd2 Bg4 8. h3 Bxf3 9. Nxf3 Nh5 10. Qd2 h6 11. d4 Bb6 12. Bc4 Qe7 13. e5 a6 14. 0-0 0-0 15. Rfe1 Qd7 16. e6 Qd8 17. Bd5 Ne7 18. Bb3 f6 19. Bc2 Re8 20. b4 a5 21. bxa5 Bxa5 22. Be3 Qc8 23. Bb3 c6 24. Kh2 d5 25. g3 Qxe6 26. Bxh6 Qd6 27. Bf4 Nxf4 28. gxf4 Ng6 29. Kg3 Bxc3 30. Qxc3 Qxf4+ 31. Kf2 f5 32. Re3 Nh4 33. Rae1 Rf8 34. Qc5 Nxf3 35. Bxd5+ cxd5 36. Qxd5+ Kh8 37. Qxf3 Qxf3+ 38. Rxf3 Rxa2+ 39. Kg3 g6 40. Re7 b5 41. Rb3 Ra5 42. Kf4 Rd8 43. Rb4 Rd6 44. Ke5 Rd8 45. Kf6 Ra6+ 46. Kg5 Rb6 47. Kh6 f4 48. Rf7 Rbb8 49. Kxg6 Rd6+ 50. Kg5 f3 51. Rxf3 Rg8+ 52. Kf4 Rf6+ 53. Ke3 Re8+ 54. Kf2 Rb6 55. Rf5 Ree6 56. Rfxb5 Rf6+ 57. Ke3 Rbe6+ 58. Re5 Rc6 59. Ke4 Rh6 60. Rb3 Rh4+ 61. Kd5 Rhh6 62. Re8+ Kg7 63. Rb7+ Kf6 64. Kxc6 Kf5+ 65. Kc5 1-0